[Event "Gibtelecom Masters"]
[Site "Gibraltar ENG"]
[Date "2006.01.24"]
[Round "1"]
[White "Baena,A"]
[Black "Slimani,A"]
[Result "1-0"]
[WhiteElo "2019"]
[BlackElo "1956"]
[EventDate "2006.01.24"]

1. e4 e6 2. d4 d5 3. exd5 exd5 4. Bd3 Nf6 5. Nf3 Bd6 6. O-O O-O 7. Bg5 Bg4
8. Nbd2 Nbd7 9. c3 c6 10. Qc2 Qc7 11. Rfe1 Rfe8 12. h3 Bh5 13. Bf5 Bg6 14.
Nh4 Bh2+ 15. Kh1 Bf4 16. Bxf6 Nxf6 17. Nxg6 hxg6 18. Bd3 g5 19. Nf1 g4 20.
g3 Bh6 21. h4 Re7 22. Re2 Rxe2 23. Bxe2 Re8 24. Nh2 Qd7 25. Kg2 Qe6 26. Bd3
g6 27. Rd1 Nh5 28. b3 f5 29. c4 Bg7 30. Nxg4 fxg4 31. Bxg6 Nf6 32. Bxe8
Qxe8 33. Qf5 Qe2 34. Qd3 Qxa2 35. cxd5 Nxd5 36. Re1 Nf6 37. Re7 Qa3 38.
Rxb7 Qc1 39. Qg6 1-0

[Event "Gibtelecom Masters"]
[Site "Gibraltar ENG"]
[Date "2006.01.25"]
[Round "2"]
[White "Pavlovic,Milo"]
[Black "Gyimesi,Z"]
[Result "0-1"]
[WhiteElo "2494"]
[BlackElo "2602"]
[EventDate "2006.01.24"]

1. e4 c6 2. d4 d5 3. Nd2 dxe4 4. Nxe4 Bf5 5. Ng3 Bg6 6. h4 h6 7. Nf3 Nd7 8.
h5 Bh7 9. Bd3 Bxd3 10. Qxd3 e6 11. Bf4 Qa5+ 12. Bd2 Bb4 13. c3 Be7 14. c4
Qc7 15. O-O-O Ngf6 16. Ne4 O-O 17. Nxf6+ Nxf6 18. g4 Nxg4 19. Rhg1 f5 20.
Rde1 Qd7 21. Qe2 Bf6 22. Kb1 Rad8 23. Rd1 c5 24. Ba5 b6 25. dxc5 Qa4 26.
Rxd8 Rxd8 27. Bd2 e5 28. Bc3 bxc5 29. Nd2 Qd7 30. f3 e4 31. fxg4 Bxc3 32.
Nb3 Bf6 33. gxf5 Qxf5 34. Rf1 Qe5 35. Re1 e3 36. Qc2 Re8 37. Qe2 Rb8 38.
Rd1 a5 39. Rd5 Qe4+ 40. Kc1 a4 41. Nxc5 Bxb2+ 42. Qxb2 Qxc4+ 0-1

[Event "Gibtelecom Masters"]
[Site "Gibraltar ENG"]
[Date "2006.01.25"]
[Round "2"]
[White "Sisask,J"]
[Black "Shirov,A"]
[Result "0-1"]
[WhiteElo "2196"]
[BlackElo "2709"]
[EventDate "2006.01.24"]

1. e4 e5 2. Nf3 Nc6 3. Bb5 a6 4. Ba4 Nf6 5. O-O Be7 6. Re1 b5 7. Bb3 O-O 8.
h3 Bb7 9. d3 d6 10. a3 Na5 11. Ba2 c5 12. Nbd2 Nc6 13. Nf1 Bc8 14. Ne3 Be6
15. Bd5 Bxd5 16. exd5 Nb8 17. Nh2 Nbd7 18. Qf3 g6 19. Nhg4 h5 20. Nh2 Re8
21. Nhf1 Nh7 22. g4 hxg4 23. hxg4 Ng5 24. Qg2 Kg7 25. Nd1 Rh8 26. Ng3 Rh4
27. Ne4 Nxe4 28. dxe4 Bg5 29. Ne3 Bf4 30. Nf1 Qg5 31. f3 Rah8 32. Bxf4 exf4
33. Kf2 Ne5 34. a4 b4 35. Kg1 Rh3 0-1

[Event "Gibtelecom Masters"]
[Site "Gibraltar ENG"]
[Date "2006.01.25"]
[Round "2"]
[White "Areshchenko,A"]
[Black "Osuna Vega,E"]
[Result "1-0"]
[WhiteElo "2670"]
[BlackElo "2192"]
[EventDate "2006.01.24"]

1. e4 e6 2. d4 d5 3. Nc3 Nf6 4. Bg5 Be7 5. e5 Nfd7 6. Bxe7 Qxe7 7. f4 a6 8.
Nf3 c5 9. Qd2 Nc6 10. dxc5 Nxc5 11. Bd3 b5 12. Ne2 O-O 13. O-O f6 14. exf6
Qxf6 15. c3 Bd7 16. Bc2 Ne7 17. Qe3 Rac8 18. Ne5 Be8 19. Nd4 Ng6 20. Rae1
Nxe5 21. fxe5 Qe7 22. Rxf8+ Kxf8 23. Bxh7 g6 24. Qh6+ Qg7 25. Rf1+ Bf7 26.
Qxg6 1-0

[Event "Gibtelecom Masters"]
[Site "Gibraltar ENG"]
[Date "2006.01.25"]
[Round "2"]
[White "Efimenko,Z"]
[Black "Groffen,H"]
[Result "1-0"]
[WhiteElo "2666"]
[BlackElo "2185"]
[EventDate "2006.01.24"]

1. e4 e6 2. d4 d5 3. Nc3 Nf6 4. e5 Nfd7 5. f4 c5 6. Nf3 Nc6 7. Be3 a6 8.
Qd2 b5 9. a3 Bb7 10. Bd3 Qb6 11. Qf2 c4 12. Be2 Ne7 13. Nh4 Nf5 14. Nxf5
exf5 15. g4 g6 16. gxf5 gxf5 17. Qh4 Be7 18. Qh5 Qe6 19. Rg1 O-O-O 20. Rg7
Rdf8 21. Kd2 Bc6 22. Bf1 Nb6 23. Ne2 f6 24. c3 Be8 25. Qf3 Rfg8 26. Rxg8
Rxg8 27. Ng3 Kc7 28. Re1 a5 29. Bf2 Bg6 30. Bh3 b4 31. axb4 axb4 32. exf6
Qxf6 33. Re5 bxc3+ 34. bxc3 Ra8 35. Nxf5 Ra2+ 36. Ke1 Bxf5 37. Rxf5 Qg6 38.
Qe3 Bd6 39. Kf1 Ra1+ 40. Be1 Ra2 41. Qg3 Qe8 42. Qf3 Qg6 43. Qh5 Qxh5 44.
Rxh5 Bxf4 45. Rxh7+ Kc6 46. Bg2 Bd2 47. Bxd2 Rxd2 48. h4 Rc2 49. h5 Rxc3
50. h6 Re3 51. Ra7 Re6 52. h7 Rh6 53. Rg7 Kb5 54. Kf2 Rh5 55. Bf3 Rh4 56.
Kg3 Rh6 57. Kf4 c3 58. Be2+ Kb4 59. Bd3 1-0

[Event "Gibtelecom Masters"]
[Site "Gibraltar ENG"]
[Date "2006.01.25"]
[Round "2"]
[White "Vinas Guerrero,C"]
[Black "Georgiev,Ki"]
[Result "0-1"]
[WhiteElo "2160"]
[BlackElo "2645"]
[EventDate "2006.01.24"]

1. e4 d6 2. d4 e5 3. dxe5 dxe5 4. Qxd8+ Kxd8 5. Bc4 f6 6. Nc3 c6 7. Be3 Kc7
8. O-O-O Nd7 9. a4 b6 10. Nge2 Bc5 11. Rd3 Ne7 12. Rhd1 a5 13. Kb1 Bxe3 14.
Rxe3 Nc5 15. Nc1 g5 16. g3 Ng6 17. Nd3 Nb7 18. Bb3 Nd6 19. f3 h5 20. Rf1
Ba6 21. Rf2 Rad8 22. Re1 h4 23. g4 Nb7 24. Bf7 Ne7 25. Nc1 Rhf8 26. Bb3 Nc5
27. Rd1 Rd4 28. Rfd2 Rfd8 29. Rxd4 exd4 30. N3e2 Nxb3 31. cxb3 d3 32. Ng1
d2 33. Nce2 Bd3+ 34. Ka2 Bc2 35. Nc3 Rd3 0-1

[Event "Gibtelecom Masters"]
[Site "Gibraltar ENG"]
[Date "2006.01.25"]
[Round "2"]
[White "El Amari,K"]
[Black "Sutovsky,E"]
[Result "0-1"]
[WhiteElo "2137"]
[BlackElo "2624"]
[EventDate "2006.01.24"]

1. b3 e5 2. Bb2 Nc6 3. e3 Nf6 4. Bb5 Bd6 5. Nf3 e4 6. Bxc6 dxc6 7. Nd4 O-O
8. h3 Re8 9. O-O Be5 10. Qc1 Nh5 11. f4 Bxd4 12. Bxd4 Ng3 13. Rf2 Re6 14.
f5 Rh6 15. f6 Bxh3 16. gxh3 Qd7 17. Rh2 Rxh3 18. Qe1 Qg4 19. Qf2 Nf5+ 20.
Rg2 Qd1+ 0-1

[Event "Gibtelecom Masters"]
[Site "Gibraltar ENG"]
[Date "2006.01.25"]
[Round "2"]
[White "Goodger,M"]
[Black "Korchnoi,V"]
[Result "0-1"]
[WhiteElo "2135"]
[BlackElo "2608"]
[EventDate "2006.01.24"]

1. e4 c6 2. d4 d5 3. e5 Bf5 4. Be3 Qb6 5. Qc1 e6 6. c4 Bxb1 7. Rxb1 Bb4+ 8.
Kd1 dxc4 9. Nf3 Qd8 10. Bxc4 Ne7 11. Ke2 Nf5 12. Rd1 Nd7 13. a3 Be7 14. b4
Nb6 15. Bd3 Nd5 16. Qc2 Nfxe3 17. fxe3 Bg5 18. Qb3 Nxe3 19. Rg1 Nd5 20. g3
Be3 21. Rgd1 Bh6 22. Kf2 O-O 23. Kg1 a5 24. b5 a4 25. Qb2 cxb5 26. Bxb5 Qa5
27. Rd3 Rfc8 28. Nd2 Nc3 29. Nc4 Qxb5 30. Rxc3 Qd5 31. Nb6 Qxd4+ 0-1

[Event "Gibtelecom Masters"]
[Site "Gibraltar ENG"]
[Date "2006.01.25"]
[Round "2"]
[White "Ocana Roca,J"]
[Black "Pelletier,Y"]
[Result "0-1"]
[WhiteElo "2125"]
[BlackElo "2579"]
[EventDate "2006.01.24"]

1. e4 c5 2. Nf3 e6 3. Nc3 Nc6 4. g3 e5 5. Bg2 g6 6. d3 Bg7 7. Be3 d6 8. Qd2
Nge7 9. Bh6 O-O 10. h4 f6 11. O-O Be6 12. Ne2 d5 13. Bxg7 Kxg7 14. exd5
Nxd5 15. Nc3 Rc8 16. Rfe1 Qd7 17. Nh2 Nde7 18. Ne4 b6 19. Red1 h6 20. Nc3
Nf5 21. Ng4 g5 22. hxg5 hxg5 23. Ne3 Rh8 24. Ne4 Nfe7 25. c3 Rh6 26. Qe2
Rch8 27. a3 a5 28. b4 axb4 29. axb4 cxb4 30. d4 exd4 31. cxd4 Nd5 32. Nxd5
Bxd5 33. f3 Rh2 34. Ra6 Qc7 35. Qe1 Kg6 36. Qd2 Bxe4 0-1

[Event "Gibtelecom Masters"]
[Site "Gibraltar ENG"]
[Date "2006.01.25"]
[Round "2"]
[White "Hutchinson,N"]
[Black "Kobese,W"]
[Result "0-1"]
[WhiteElo "2118"]
[BlackElo "2397"]
[EventDate "2006.01.24"]

1. e4 c5 2. c3 d5 3. exd5 Qxd5 4. Nf3 Nf6 5. d4 Nc6 6. dxc5 Qxd1+ 7. Kxd1
e6 8. b4 a5 9. Bb5 Bd7 10. Bd2 Ne4 11. Be3 axb4 12. Bxc6 Bxc6 13. cxb4 Bd7
14. Nd4 O-O-O 15. Ke2 Bc6 16. Rd1 Ba4 17. Rd3 e5 18. Na3 exd4 19. Bf4 g5
20. Nc4 gxf4 21. Nb6+ Kc7 22. Nxa4 Nc3+ 23. Nxc3 dxc3 0-1

[Event "Gibtelecom Masters"]
[Site "Gibraltar ENG"]
[Date "2006.01.25"]
[Round "2"]
[White "Mohamed,MA"]
[Black "Peek,Mar"]
[Result "1/2-1/2"]
[WhiteElo "2107"]
[BlackElo "2375"]
[EventDate "2006.01.24"]

1. e4 e6 2. d4 d5 3. Nc3 Bb4 4. e5 c5 5. a3 Bxc3+ 6. bxc3 Qa5 7. Bd2 Qa4 8.
Qb1 c4 9. Ra2 Nc6 10. Ne2 Nge7 11. g3 b6 12. Bh3 Bd7 13. Nf4 O-O-O 14. Nh5
Rhg8 15. Bg5 Qa5 16. Qb2 Rde8 17. Bxe7 Nxe7 18. Ke2 Ba4 19. f4 Qb5 1/2-1/2

[Event "Gibtelecom Masters"]
[Site "Gibraltar ENG"]
[Date "2006.01.25"]
[Round "2"]
[White "Fox,An"]
[Black "Grooten,H"]
[Result "0-1"]
[WhiteElo "2104"]
[BlackElo "2365"]
[EventDate "2006.01.24"]

1. e4 e6 2. d3 d5 3. Nd2 c5 4. g3 Nc6 5. Bg2 g6 6. Ngf3 Bg7 7. O-O Nge7 8.
Re1 b6 9. c3 a5 10. a4 Ra7 11. h4 h6 12. e5 Qc7 13. Qe2 g5 14. hxg5 hxg5
15. Nxg5 Qxe5 16. Ndf3 Qxe2 17. Rxe2 e5 18. Nh4 Ba6 19. Rd2 Bh6 20. Rd1 f5
21. b3 f4 22. Nh3 Bc8 23. Kh2 Bg7 24. Ra2 Bf6 25. Rh1 Bxh4 26. gxh4 Rxh4
27. f3 Nf5 28. Bd2 Rah7 29. Be1 Rxh3+ 30. Bxh3 Ne3 31. Kg1 Bxh3 32. Rah2
Rg7+ 33. Kf2 d4 34. Bd2 Bf5 35. Ke2 dxc3 36. Bxe3 fxe3 37. Rc1 c2 38. Kxe3
Nb4 39. Rh5 Nd5+ 40. Kf2 Nf4 41. Rxf5 Nxd3+ 0-1

[Event "Gibtelecom Masters"]
[Site "Gibraltar ENG"]
[Date "2006.01.25"]
[Round "2"]
[White "Vea,O"]
[Black "Ashton,A"]
[Result "0-1"]
[WhiteElo "2099"]
[BlackElo "2321"]
[EventDate "2006.01.24"]

1. e4 e5 2. Nf3 Nc6 3. d4 exd4 4. Bc4 Nf6 5. e5 d5 6. Bb5 Ne4 7. Nxd4 Bd7
8. Bxc6 bxc6 9. O-O Bc5 10. Be3 Bb6 11. Nd2 Nxd2 12. Qxd2 c5 13. Nb3 d4 14.
Bg5 Qc8 15. c3 h6 16. Bf4 Bb5 17. Rfc1 Qd7 18. cxd4 cxd4 19. Nc5 Qd5 20. b4
a5 21. a3 axb4 22. Qxb4 Bc6 23. f3 O-O 24. Ne4 Qe6 25. Nc5 Qf5 26. Qxd4 Ra4
27. Rc4 Rxc4 28. Qxc4 Bxc5+ 29. Qxc5 Qxf4 0-1

[Event "Gibtelecom Masters"]
[Site "Gibraltar ENG"]
[Date "2006.01.25"]
[Round "2"]
[White "Cannon,Ri"]
[Black "Schuurman,P"]
[Result "1/2-1/2"]
[WhiteElo "2087"]
[BlackElo "2234"]
[EventDate "2006.01.24"]

1. e4 c6 2. Nc3 d5 3. Nf3 Bg4 4. h3 Bxf3 5. Qxf3 e6 6. Qg3 Nd7 7. b3 Ngf6
8. exd5 exd5 9. Bd3 Nc5 10. O-O Nxd3 11. Qxd3 Be7 12. Re1 O-O 13. Bb2 Re8
14. Re2 Qd7 15. Rae1 Bf8 16. Rxe8 Rxe8 17. Rxe8 Qxe8 18. Qe2 Qe6 19. d3 Nd7
20. Kf1 Bd6 21. Nd1 a6 22. Ne3 Be5 23. d4 Bd6 24. Ng4 Qxe2+ 25. Kxe2 f6 26.
Ne3 Kf7 27. Nf5 Bf8 28. f4 g6 29. Ne3 f5 30. g4 Ke6 31. c4 Nf6 32. c5 h6
33. Kf3 Ne4 34. Ng2 Be7 35. Ne1 Bf6 36. Nd3 Bg7 37. Ne5 Bxe5 38. fxe5 Ng5+
39. Kg3 Kf7 40. h4 Ne4+ 41. Kf3 fxg4+ 42. Kxg4 h5+ 43. Kf4 Ke6 44. Ba1 Kf7
45. Bb2 Kg7 46. Ba1 Nf2 47. Bc3 Kf7 48. Bd2 Ke6 49. Ba5 Kf7 50. Bd2 Kg7 51.
Ba5 Ne4 52. Bd8 Kf7 53. Ba5 Ke6 54. Be1 Kf7 55. Ba5 Nf2 56. Bd2 Ng4 57. Kg5
Kg7 58. Ba5 Nf2 59. Kf4 Ne4 60. Bd8 Kf7 61. Ba5 Ke7 62. Be1 Ke6 63. Ba5 Kf7
1/2-1/2

[Event "Gibtelecom Masters"]
[Site "Gibraltar ENG"]
[Date "2006.01.25"]
[Round "2"]
[White "Coimbra,M"]
[Black "Tscharotschkin,M"]
[Result "0-1"]
[WhiteElo "2083"]
[BlackElo "2227"]
[EventDate "2006.01.24"]

1. e4 e6 2. d4 d5 3. Nd2 dxe4 4. Nxe4 Nd7 5. Nf3 Ngf6 6. Nxf6+ Nxf6 7. Bg5
h6 8. Be3 Be7 9. Bd3 Nd5 10. Qd2 Bd7 11. Ne5 Bd6 12. f4 Bxe5 13. fxe5 Nxe3
14. Qxe3 Bc6 15. Bc4 Qh4+ 16. Qf2 Qe4+ 17. Be2 Qxg2 18. Qxg2 Bxg2 19. Rg1
Be4 20. O-O-O g6 21. Rg4 Bf5 22. Rg3 O-O-O 23. Ra3 Kb8 24. Bf3 c6 25. Rb3
Kc8 26. a4 Rd7 27. a5 a6 28. Re3 Rhd8 29. c3 h5 30. h4 Kc7 31. b4 Rb8 32.
Kb2 Rg8 33. Rg1 Rdd8 34. Rg5 Rgf8 35. Rg1 f6 36. exf6 Rxf6 37. Rge1 Rdf8
38. c4 Rd8 39. Kc3 Rf7 40. Re5 Bh3 41. Bh1 Rf4 42. R1e4 Rdf8 43. d5 Rf1 44.
Re1 Rxe1 45. Rxe1 cxd5 46. cxd5 exd5 47. Bxd5 Bc8 48. Kd4 Kd6 49. Re4 Rf5
50. Bc4 Bd7 51. Ke3 g5 52. hxg5 Rxg5 53. Bf7 Bg4 54. Rd4+ Kc7 55. Bd5 Re5+
56. Kf4 Re1 57. Kg5 Re5+ 58. Kf4 Rf5+ 59. Kg3 Be2 60. Be6 Re5 61. Rd7+ Kc6
0-1

[Event "Gibtelecom Masters"]
[Site "Gibraltar ENG"]
[Date "2006.01.25"]
[Round "2"]
[White "Stock,T"]
[Black "Smith,AP"]
[Result "0-1"]
[WhiteElo "2083"]
[BlackElo "2200"]
[EventDate "2006.01.24"]

1. d4 Nf6 2. c4 c5 3. d5 g6 4. Nc3 Bg7 5. e4 d6 6. f3 O-O 7. Be3 e6 8. Nge2
exd5 9. cxd5 a6 10. Qd2 Nbd7 11. a4 Rb8 12. Ng3 Ne5 13. Be2 Bd7 14. Bh6 b5
15. Bxg7 Kxg7 16. h3 Nh5 17. Nxh5+ gxh5 18. O-O Qh4 19. f4 Nc4 20. Bxc4
bxc4 21. Rf2 f6 22. Raf1 Rbe8 23. Qe2 Kh8 24. Qxc4 Bxh3 25. Nd1 Rg8 26. Ne3
Rg3 27. Nf5 Bxf5 28. exf5 Reg8 29. Re2 Rh3 0-1

[Event "Gibtelecom Masters"]
[Site "Gibraltar ENG"]
[Date "2006.01.25"]
[Round "2"]
[White "McNab,C"]
[Black "Hickman,J"]
[Result "1-0"]
[WhiteElo "2456"]
[BlackElo "2082"]
[EventDate "2006.01.24"]

1. c4 d6 2. g3 e5 3. Nc3 f5 4. d4 Be7 5. Bg2 c6 6. e3 Nf6 7. Nge2 O-O 8. b4
e4 9. h4 Na6 10. Qb3 Nc7 11. d5 cxd5 12. cxd5 Ng4 13. Nf4 Bf6 14. Bb2 b5
15. Rd1 Bd7 16. Nce2 a5 17. a3 axb4 18. axb4 Ne5 19. Nd4 Nc4 20. Bc1 Ra1
21. Nc2 Ra4 22. Bf1 Ne5 23. Be2 g6 24. Nd4 Qa8 25. Kf1 Ra2 26. Rd2 Ra1 27.
Kg2 Qa4 28. Rc2 Rc8 29. Qxa4 Rxa4 30. Bd2 Nc4 31. Bxc4 bxc4 32. Rxc4 Na6
33. Rxc8+ Bxc8 34. Nc6 Ra2 35. Rd1 Kf7 36. b5 Nc5 37. Bb4 h6 38. Bxc5 dxc5
39. d6 Bd7 40. Nd5 Rb2 41. Nb8 Bxb5 42. Nxf6 Kxf6 43. d7 1-0

[Event "Gibtelecom Masters"]
[Site "Gibraltar ENG"]
[Date "2006.01.25"]
[Round "2"]
[White "Shaw,J"]
[Black "Obers,F"]
[Result "1-0"]
[WhiteElo "2432"]
[BlackElo "2080"]
[EventDate "2006.01.24"]

1. e4 e6 2. d4 d5 3. Nd2 c5 4. exd5 Qxd5 5. Ngf3 cxd4 6. Bc4 Qd6 7. O-O Nf6
8. Nb3 Nc6 9. Nbxd4 Nxd4 10. Nxd4 a6 11. Re1 Qc7 12. Qe2 Bd6 13. Bg5 O-O
14. Bd3 Qc5 15. Nf3 b5 16. Bxf6 1-0

[Event "Gibtelecom Masters"]
[Site "Gibraltar ENG"]
[Date "2006.01.25"]
[Round "2"]
[White "Dunn,Al"]
[Black "Walton,A"]
[Result "1-0"]
[WhiteElo "2076"]
[BlackElo "2197"]
[EventDate "2006.01.24"]

1. e4 e6 2. d4 d5 3. Nc3 Nf6 4. Bg5 Be7 5. e5 Nfd7 6. Bxe7 Qxe7 7. Qd2 O-O
8. f4 c5 9. Nf3 Nc6 10. dxc5 Nxc5 11. O-O-O f6 12. exf6 Qxf6 13. g3 Rd8 14.
Bd3 Ne4 15. Bxe4 dxe4 16. Nxe4 Qe7 17. Qe3 Rd5 18. Nc3 Rxd1+ 19. Rxd1 Bd7
20. Ng5 h6 21. Nge4 b6 22. a3 Be8 23. Nb5 e5 24. f5 a6 25. Nbc3 Nd4 26. f6
Qe6 27. fxg7 Bg6 28. Qxh6 Bxe4 29. Qh8+ Kf7 30. Nxe4 Qc6 31. Rf1+ Ke7 32.
Qh4+ 1-0

[Event "Gibtelecom Masters"]
[Site "Gibraltar ENG"]
[Date "2006.01.25"]
[Round "2"]
[White "Zhukova,N"]
[Black "Agdestein,Em"]
[Result "1-0"]
[WhiteElo "2432"]
[BlackElo "2053"]
[EventDate "2006.01.24"]

1. d4 d5 2. c4 e5 3. dxe5 d4 4. Nf3 Nc6 5. a3 Nge7 6. b3 Bg4 7. Bb2 Bxf3 8.
exf3 Ng6 9. g3 Ngxe5 10. Bg2 Qd7 11. O-O O-O-O 12. f4 Ng4 13. h3 Nh6 14. b4
f5 15. Nd2 Kb8 16. Nb3 a6 17. Qf3 Qc8 18. b5 axb5 19. cxb5 Na7 20. Nxd4 Rg8
21. a4 Be7 22. Rac1 Rd6 23. Nb3 Rgd8 24. Be5 Nf7 25. Bxd6 Nxd6 26. Nc5 Ka8
27. Rfe1 1-0

[Event "Gibtelecom Masters"]
[Site "Gibraltar ENG"]
[Date "2006.01.25"]
[Round "2"]
[White "Aaberg,A"]
[Black "Baena,A"]
[Result "1-0"]
[WhiteElo "2383"]
[BlackElo "2019"]
[EventDate "2006.01.24"]

1. d4 d5 2. c4 e6 3. Nf3 Nf6 4. g3 c6 5. Bg2 Bd6 6. O-O Nbd7 7. Nbd2 O-O 8.
Qc2 Re8 9. e4 Nxe4 10. Nxe4 dxe4 11. Qxe4 c5 12. Rd1 Qc7 13. b4 cxd4 14. c5
Bf8 15. Nxd4 Nf6 16. Nb5 Qb8 17. Qc2 Bd7 18. Nd4 a5 19. b5 e5 20. c6 exd4
21. cxd7 Nxd7 22. Bb2 a4 23. Bxd4 Ne5 24. Re1 Ra5 25. Qe2 f6 26. f4 Bb4 27.
fxe5 Bxe1 28. Bd5+ Kh8 29. exf6 1-0

[Event "Gibtelecom Masters"]
[Site "Gibraltar ENG"]
[Date "2006.01.25"]
[Round "2"]
[White "Arakhamia,K"]
[Black "Dunn,An1"]
[Result "1-0"]
[WhiteElo "2426"]
[BlackElo "2188"]
[EventDate "2006.01.24"]

1. e4 c6 2. d4 d5 3. Nc3 dxe4 4. Nxe4 Nd7 5. Bd3 Ngf6 6. Nf3 Nxe4 7. Bxe4
Nf6 8. Bd3 Bg4 9. c3 e6 10. h3 Bh5 11. g4 Bg6 12. Ne5 Bxd3 13. Qxd3 Bd6 14.
f4 Qc7 15. Bd2 Nd7 16. O-O-O Bxe5 17. dxe5 O-O-O 18. Qe2 Nb6 19. Qe4 g6 20.
c4 Rd7 21. Be3 Rhd8 22. Rxd7 Qxd7 23. Kc2 Qe7 24. a3 c5 25. Rb1 Kb8 26. b4
Qd7 27. b5 Qc7 28. Kb3 Nc8 29. Qc2 Qd7 30. Bxc5 Qd3+ 31. Qxd3 Rxd3+ 32. Kb4
b6 33. Bf8 Rxh3 34. Rd1 Kc7 35. g5 Rf3 36. Rd4 Rh3 37. Ka4 Rh1 38. Kb3 Rh3+
39. Kc2 Rf3 40. a4 Rf2+ 41. Kd3 Rf1 42. c5 Rd1+ 43. Ke3 Rxd4 44. Kxd4 bxc5+
45. Kxc5 Nb6 46. Bd6+ Kb7 47. a5 Nd5 48. a6+ Ka8 49. Kc6 Nxf4 50. Kd7 1-0

[Event "Gibtelecom Masters"]
[Site "Gibraltar ENG"]
[Date "2006.01.25"]
[Round "2"]
[White "Guski,D"]
[Black "Carlsson,P"]
[Result "0-1"]
[WhiteElo "2106"]
[BlackElo "2430"]
[EventDate "2006.01.24"]

1. e4 c5 2. Nf3 d6 3. d4 Nf6 4. Nc3 cxd4 5. Qxd4 a6 6. Bg5 Nc6 7. Qd2 e6 8.
O-O-O h6 9. Bf4 e5 10. Be3 Be6 11. h3 Rc8 12. Kb1 b5 13. Qe1 Qa5 14. Nd5
Nxe4 15. Bb6 Qxe1 16. Nxe1 Rb8 17. Be3 Bxd5 18. Rxd5 Be7 19. g3 Nf6 20. Rd1
O-O 21. Bg2 e4 22. c3 d5 23. Nc2 b4 24. cxb4 Nxb4 25. Nxb4 Rxb4 26. Bd2 Rb6
27. Be3 Rb7 28. Bf1 Rfb8 29. b3 a5 30. Ba6 Rb4 31. Bf4 Ra8 32. Be2 a4 33.
Bd2 Rb7 34. Kb2 axb3 35. a4 Rxa4 36. Ra1 Rxa1 37. Rxa1 Bc5 38. Ra8+ Kh7 39.
Ba6 Bd4+ 40. Bc3 Bxc3+ 0-1

[Event "Gibtelecom Masters"]
[Site "Gibraltar ENG"]
[Date "2006.01.25"]
[Round "2"]
[White "Giacopelli,V"]
[Black "Bellon Lopez,JuM"]
[Result "0-1"]
[WhiteElo "2102"]
[BlackElo "2415"]
[EventDate "2006.01.24"]

1. b3 d5 2. Bb2 Bg4 3. g3 c6 4. Bg2 e6 5. Nf3 Nd7 6. O-O h5 7. h3 Bxf3 8.
Bxf3 f5 9. e4 dxe4 10. Bxh5+ Ke7 11. Kg2 Ngf6 12. Be2 Kf7 13. d3 Nc5 14. d4
Ncd7 15. Na3 f4 16. Nc4 b5 17. gxf4 bxc4 18. Bxc4 Nb6 19. f5 Nxc4 20. fxe6+
Kxe6 21. bxc4 Kf7 22. f3 Qd7 23. Rh1 Qf5 24. c3 Re8 25. f4 Qxf4 26. Bc1 e3
27. Qf3 Qg5+ 28. Qg3 Qxg3+ 29. Kxg3 e2 30. Bf4 Nh5+ 31. Kf3 Nxf4 32. Kxf4
Be7 0-1

[Event "Gibtelecom Masters"]
[Site "Gibraltar ENG"]
[Date "2006.01.25"]
[Round "2"]
[White "Pannekoek,W"]
[Black "Roy Chowdhury,S"]
[Result "0-1"]
[WhiteElo "2083"]
[BlackElo "2393"]
[EventDate "2006.01.24"]

1. e4 c5 2. Nf3 Nc6 3. d4 cxd4 4. Nxd4 e5 5. Nb5 d6 6. c4 Be7 7. N1c3 a6 8.
Na3 f5 9. exf5 Bxf5 10. Bd3 Be6 11. O-O Nf6 12. Ne4 Qd7 13. Nxf6+ gxf6 14.
Be4 O-O-O 15. Be3 Rdg8 16. f4 f5 17. Bd5 Rg4 18. Rc1 Rhg8 19. Rc2 Kb8 20.
Rd2 exf4 21. Bxf4 Bxd5 22. cxd5 Ne5 23. Qb3 Bg5 24. Qe3 Rxf4 25. Rxf4 Ng6
26. Rdd4 Nxf4 27. Rxf4 Re8 0-1

[Event "Gibtelecom Masters"]
[Site "Gibraltar ENG"]
[Date "2006.01.25"]
[Round "2"]
[White "Welling,G"]
[Black "Cafolla,P"]
[Result "1-0"]
[WhiteElo "2405"]
[BlackElo "2080"]
[EventDate "2006.01.24"]

1. e4 c5 2. Nf3 Nc6 3. Bd3 Nf6 4. c3 d5 5. e5 c4 6. Bc2 Ng4 7. Qe2 f6 8.
exf6 gxf6 9. d4 cxd3 10. Bxd3 Qd6 11. h3 Nge5 12. Nxe5 Qxe5 13. Be3 Bd7 14.
Nd2 Qe6 15. Nb3 Ne5 16. Bb5 Bxb5 17. Qxb5+ Qc6 18. Qe2 Qc4 19. Qh5+ Ng6 20.
O-O-O e5 21. f4 O-O-O 22. fxe5 fxe5 23. Bxa7 Qa6 24. Qf5+ Kc7 25. Bc5 Qxa2
26. Kc2 Qa4 27. Ra1 Qc4 28. Qf7+ Rd7 29. Bb6+ Kxb6 30. Qxd7 Qe4+ 31. Kd1
Qxg2 32. Na5 Qxh1+ 33. Kc2 Qe4+ 34. Kb3 Ne7 35. Qxb7+ Kc5 36. Qc7+ Kb5 37.
Qb7+ Kc5 38. Ra4 Qxa4+ 39. Kxa4 d4 40. c4 Kd6 41. Qb6+ Kd7 42. c5 Nc8 43.
Qb7+ 1-0

[Event "Gibtelecom Masters"]
[Site "Gibraltar ENG"]
[Date "2006.01.25"]
[Round "2"]
[White "Klinova,M"]
[Black "Rautanen,S"]
[Result "1-0"]
[WhiteElo "2353"]
[BlackElo "1929"]
[EventDate "2006.01.24"]

1. e4 d6 2. d4 Nf6 3. Nc3 g6 4. Be3 c6 5. a4 Bg7 6. Nf3 O-O 7. h3 Nbd7 8.
Be2 e5 9. dxe5 dxe5 10. O-O Qe7 11. Nd2 a5 12. Nc4 Rd8 13. Qd6 Qxd6 14.
Nxd6 Nf8 15. Nxc8 Rdxc8 16. Bc4 N8d7 17. Rad1 Bf8 18. g4 h6 19. f4 exf4 20.
Bxf4 Bc5+ 21. Kh2 Kg7 22. e5 Nd5 23. Nxd5 cxd5 24. Bxd5 1-0

[Event "Gibtelecom Masters"]
[Site "Gibraltar ENG"]
[Date "2006.01.25"]
[Round "2"]
[White "Mohota,N"]
[Black "Reppen,E"]
[Result "1-0"]
[WhiteElo "2318"]
[BlackElo "1851"]
[EventDate "2006.01.24"]

1. d4 d5 2. c4 e6 3. Nc3 Nf6 4. cxd5 exd5 5. Bg5 c6 6. e3 Bd6 7. Bd3 Be6 8.
f4 h6 9. Bh4 g5 10. Bg3 gxf4 11. Bxf4 Bxf4 12. exf4 Bg4 13. Qd2 Qe7+ 14.
Kf2 Ne4+ 15. Nxe4 dxe4 16. Bxe4 O-O 17. Re1 Qd6 18. Nf3 Nd7 19. h3 Be6 20.
Bb1 Rad8 21. Re2 c5 22. Qc2 f5 23. dxc5 Nxc5 24. Qc3 Ne4+ 25. Bxe4 fxe4 26.
Rxe4 Rxf4 27. Rhe1 Qd2+ 28. Qxd2 Rxd2+ 29. Kg3 Rxe4 30. Rxe4 Rd6 31. a3 Kf7
32. Re2 Rd3 33. Kf4 Kf6 34. Rd2 Rxd2 35. Nxd2 Bd5 36. g4 a5 37. Ne4+ Kg6
38. Nd6 Bc6 39. Nc4 Bg2 40. Nxa5 b6 41. Nc4 Bxh3 42. Nxb6 h5 43. gxh5+ Kxh5
44. a4 Kg6 45. a5 Bf1 46. Nd5 Kf7 47. Ke5 Ke8 48. a6 1-0

[Event "Gibtelecom Masters"]
[Site "Gibraltar ENG"]
[Date "2006.01.25"]
[Round "2"]
[White "Borchgrevink,H"]
[Black "Phillips,G"]
[Result "1-0"]
[WhiteElo "2265"]
[BlackElo "1790"]
[EventDate "2006.01.24"]

1. d4 f5 2. Nf3 g6 3. g3 d6 4. Bg2 Nf6 5. O-O Bg7 6. b4 c6 7. c4 a5 8. b5
O-O 9. Bb2 Nbd7 10. a4 Qe8 11. bxc6 bxc6 12. Nfd2 Nb6 13. Qb3 Rb8 14. c5+
Qf7 15. Qxf7+ Kxf7 16. cxb6 Rxb6 17. Bc3 Nd5 18. Bxd5+ cxd5 19. Bxa5 Bxd4
20. Bxb6 1-0

[Event "Gibtelecom Masters"]
[Site "Gibraltar ENG"]
[Date "2006.01.25"]
[Round "2"]
[White "Villena Perez,J"]
[Black "Swathi,G"]
[Result "0-1"]
[WhiteElo "1915"]
[BlackElo "2244"]
[EventDate "2006.01.24"]

1. d4 e6 2. e4 b6 3. c4 Bb7 4. Nc3 Bb4 5. Bd3 f5 6. f3 fxe4 7. fxe4 Bxc3+
8. bxc3 Bxe4 9. Nf3 Bxd3 10. Qxd3 Nf6 11. O-O O-O 12. Ba3 d6 13. Rae1 Qd7
14. Ng5 Re8 15. Qf3 Nc6 16. Nxe6 Rxe6 17. Rxe6 Qxe6 18. Qxc6 Rf8 19. Qxc7
Qe3+ 20. Kh1 Ne8 21. Rxf8+ Kxf8 22. Bxd6+ Kg8 0-1

[Event "Gibtelecom Masters"]
[Site "Gibraltar ENG"]
[Date "2006.01.25"]
[Round "2"]
[White "Jaime Montalvan,L"]
[Black "Kuenitz,K"]
[Result "1-0"]
[WhiteElo "2242"]
[BlackElo "1901"]
[EventDate "2006.01.24"]

1. d4 d5 2. c4 c6 3. Nf3 e6 4. Nc3 dxc4 5. g3 Nf6 6. Bg2 Bb4 7. O-O Bxc3 8.
bxc3 Nbd7 9. a4 Qa5 10. Qc2 O-O 11. Nd2 Nb6 12. Ba3 Re8 13. Bb4 Qh5 14. a5
Nbd5 15. Nxc4 Nxb4 16. cxb4 e5 17. Nxe5 Bh3 18. Bf3 Qh6 19. Rfd1 Rad8 20.
a6 Nd5 21. axb7 Nxb4 22. Qc4 Nd5 23. Nxc6 1-0

[Event "Gibtelecom Masters"]
[Site "Gibraltar ENG"]
[Date "2006.01.25"]
[Round "2"]
[White "Nadig,K"]
[Black "Jacobsen,M"]
[Result "1-0"]
[WhiteElo "2237"]
[BlackElo "1879"]
[EventDate "2006.01.24"]

1. e4 e5 2. Nf3 Nc6 3. Bb5 a6 4. Ba4 Nf6 5. O-O Be7 6. Re1 b5 7. Bb3 d6 8.
c3 Bg4 9. h3 Bh5 10. a4 O-O 11. d3 b4 12. Bd5 Qd7 13. Bxc6 Qxc6 14. cxb4
Qb7 15. g4 Bg6 16. Bd2 d5 17. exd5 Nxd5 18. Nxe5 Bxb4 19. Nc3 Bd6 20. Qf3
Bxe5 21. Rxe5 c6 22. Nxd5 cxd5 23. Bc3 Rfd8 24. Rae1 Qb3 25. Qf4 f6 26. Re7
Bxd3 27. Rxg7+ 1-0